Študentský expres sprievodca po stredných školách v Prešovskom samosprávnom kraji

Bibliographic Details
Format: Book
Language:Slovak
PhysicalDescription:126 s. 21 cm
Published: Prešov Úrad Prešovského samosprávneho kraja [2004]
Subjects:

MARC

LEADER 00000nam a2200000 a 4500
001 vtls001559384
003 SK-MaSNL
005 20260302073950.0
008 040720s2004 xo g 00000 slo
035 |a VTK40721 
040 |a SNK  |b slo  |c SNK  |e AACR2 
041 0 |a slo 
043 |a e-xo--- 
044 |a xo  |c SK 
072 7 |a 371  |x Školstvo (organizácia)  |2 konspekt 
080 |a 373.5  |2 1981 
080 |a 371.2  |2 2001 
080 |a (437.6)  |2 2001 
080 |a (036)  |2 2001 
245 0 0 |a Študentský expres  |b sprievodca po stredných školách v Prešovskom samosprávnom kraji 
260 |a Prešov  |b Úrad Prešovského samosprávneho kraja  |c [2004] 
300 |a 126 s.  |c 21 cm 
500 |a Vydané pre potreby základných a stredných škôl v prešovskom kraji 
650 0 7 |a stredné školy  |z Slovensko  |2 SNKPH  |9 302934 
651 7 |a Prešovský samosprávny kraj (Slovensko)  |2 SNKPH  |9 23301 
655 7 |a informačné publikácie  |2 SNKPH  |9 70181 
958 |a OND 
999 |c 1163046  |d 1164976 
952 |a SNK  |b SNK  |y PREZ  |7 0  |p 17A0503124  |o snkSC 123113  |i snk2006/5865  |8 3  |g 1.89  |0 0  |1 0  |4 0  |d 2006-03-20  |l 0  |r 2025-06-04 00:00:00  |w 2026-02-24